Culture Générale - Série 292 - Statistiques

Statistiques générales
  • Ce quiz a été pris 250 fois
  • Le résultat moyen est 5 sur 10
Statistiques - réponses
Question Réponse % Correct
En France, quel numéro d'urgence doit-on faire pour joindre la police ? Le 17
92%
Dans quel massif montagneux se situe le ballon d'Alsace ? Les Vosges
83%
De quelle couleur est "Le Frelon" dans le titre d'une série des années 1960 ? Vert
76%
Comment dit-on "au revoir" en japonais ? Sayônara
51%
Quelle île les Européens appelaient-ils autrefois Formose ? Taïwan
42%
Quel coureur cycliste a été le premier à gagner cinq fois le Tour de France ? Jacques Anquetil
41%
Comment s'appellent les habitantes de la ville d'Antibes ? Les Antiboises
38%
Combien de fois sur le métier doit-on remettre son ouvrage selon Boileau ? 20 fois
35%
Comment s'appelle la nunuche incarnée par Armelle dans "Caméra café" ? Maéva
18%
Quels héros de BD sont les maîtres du chien Kador ? Les Bidochon
12%
Aucun quiz correspondant
Distribution des résultats
% des personnes avec chaque résultat
Percentile par nombre de réponses
Votre historique - résultats
Vous n’avez pas pris ce quiz